000 00533nam a2200217Ia 4500
003 OSt
005 20220928135824.0
006 a|||||r|||| 00| 0
007 ta
008 220927b |||||||| |||| 00| 0 eng d
024 _a5044
037 _cTextual
040 _aSDCL
_cSDCL
_beng
041 _2eng
_aeng
082 _aA0aSigma, M1
100 _aZiman John
_9492891
245 0 _aPuzzles, problmes and enigmas
260 _c1981
942 _hA0aSigma, M1
_cTEXL
_2CC
999 _c808590
_d808590